000
00291nam a2200097Ia 4500
008
220204s9999 xx 000 0 und d
082
_a
NR:631.35NIL
_b
RUB.16
245
0
_a
Rubber tappers' directory: Nilambur region.
260
_a
Kottayam
_b
Rubber Research Institute of India
_c
2014
942
_c
BK
999
_c
44644
_d
44644